| 000 | 00414nam a2200133Ia 4500 | ||
|---|---|---|---|
| 008 | 260210s9999 xx 000 0 und d | ||
| 024 | _a10B-99-BS, 11B-104-BS & 11B-125-BS | ||
| 082 | _a005.072 SHA | ||
| 100 | _aShariq Moiz, Shehroz Adeel & Muhammad Umer Khan | ||
| 245 | 0 | _aSocial Travel | |
| 260 |
_aKarachi: _bUITU, _c2011 |
||
| 600 | _aComputer Science | ||
| 650 | _aBachelor of Computer Science (BS) | ||
| 999 |
_c32035 _d32035 |
||